|
|
|
|
| LEADER |
02181nam a22003257a 4500 |
| 001 |
44362 |
| 003 |
BD-DhAAL |
| 005 |
20251019113838.0 |
| 008 |
250423t2021 bg a|||| b||| 00| 0 eng d |
| 020 |
|
|
|a 9789845027748
|
| 040 |
|
|
|a BD-DhAAL
|c BD-DhAAL
|
| 041 |
|
|
|a ben
|a eng
|
| 082 |
|
|
|a 362.19624144
|2 23
|
| 245 |
|
|
|a Corona tale :
|b a Bangladeshi family's pen war agaist the pandemic /
|c edited by Wameq Azfar Raza with Ahmed Mushtaque Raza Chowdhury ; foreworded by Qazi Kholiquzzaman Ahmad.
|
| 246 |
|
|
|a করোনা উপাখ্যান :
|b অতিমারি শাসনে এক পরিবারের কলম-যুদ্ধ
|
| 260 |
|
|
|a Dhaka :
|b Anyaprokash,
|c 2021.
|
| 300 |
|
|
|a 256 pages :
|b color illustrations ;
|c 22 cm
|
| 504 |
|
|
|a Includes bibliographical references.
|
| 541 |
|
|
|a Complimentary copy from Dr. Ahmed Mushtaque Raza Chowdhury (Former Vice Chairperson of BRAC)
|e 44362, 44363
|
| 650 |
|
|
|a COVID-19 Pandemic, 2020-
|x Social aspects.
|9 45593
|
| 650 |
|
|
|a COVID-19 Pandemic, 2020-
|x Economic aspects.
|9 46478
|
| 650 |
|
|
|a COVID-19 Pandemic, 2020-
|x Economic aspects
|z Bangladesh.
|9 46478
|
| 650 |
|
|
|a COVID-19 Pandemic, 2020-
|x Social aspects
|z Bangladesh.
|9 58122
|
| 700 |
|
|
|a Raza, Wameq A.,
|e editor.
|9 24090
|
| 700 |
|
|
|a Chowdhury, A. M. Raza,
|e editor.
|
| 852 |
|
|
|a Ayesha Abed Library
|c Ahmed Mushtaque Raza Chowdhury Collection
|
| 942 |
|
|
|2 ddc
|c BK
|
| 999 |
|
|
|c 47282
|d 47282
|
| 952 |
|
|
|0 0
|1 0
|2 ddc
|4 0
|6 362_196241440000000_COR
|7 1
|9 77630
|a BRACUL
|b BRACUL
|c AMRC
|d 2025-04-23
|e Complimentary copy from Dr. Ahmed Mushtaque Raza Chowdhury (Former Vice Chairperson of BRAC)
|g 500.00
|l 0
|o 362.19624144 COR
|p 3010044362
|r 2025-04-23
|t 1
|w 2025-04-23
|y BK
|x Complimentary copy received from Dr. Ahmed Mushtaque Raza Chowdhury (Former Vice Chairperson of BRAC) on 17 April 2025.
|
| 952 |
|
|
|0 0
|1 0
|2 ddc
|4 0
|6 362_196241440000000_COR
|7 1
|9 77631
|a BRACUL
|b BRACUL
|c AMRC
|d 2025-04-23
|e Complimentary copy from Dr. Ahmed Mushtaque Raza Chowdhury (Former Vice Chairperson of BRAC)
|g 500.00
|l 0
|o 362.19624144 COR
|p 3010044363
|r 2025-04-23
|t 2
|w 2025-04-23
|y BK
|x Complimentary copy received from Dr. Ahmed Mushtaque Raza Chowdhury (Former Vice Chairperson of BRAC) on 17 April 2025.
|